Huitième Congrès International de Botanique : Comptes rendus des séances et Rapports et communications déposés lors du Congrès.
Guardado en:
| Autor Corporativo: | |
|---|---|
| Formato: | Seriadas |
| Idioma: | French |
| Publicado: |
[Paris,
1954-]
|
| Materias: | |
| Etiquetas: |
Agregar Etiqueta
Sin Etiquetas, Sea el primero en etiquetar este registro!
|
| LEADER | 01431cas a2200277ua 4500 | ||
|---|---|---|---|
| 001 | EEA.libagro009604 | ||
| 005 | 20180615100210.0 | ||
| 008 | 840627m19549999fr#||#|||||||||###||fre|# | ||
| 082 | 0 | 4 | |a 581 |
| 082 | 0 | 4 | |a 589.9 |
| 082 | 0 | 4 | |a 333.9516 |
| 082 | 0 | 4 | |a 580.784 |
| 111 | 2 | |a International Botanical Congress. |n (8th : |c Paris : |d 1954.) | |
| 245 | 0 | 0 | |a Huitième Congrès International de Botanique : |b Comptes rendus des séances et Rapports et communications déposés lors du Congrès. |
| 260 | |a [Paris, |c 1954-] | ||
| 300 | |a v. ; |c 25 cm. | ||
| 650 | 0 | |a Botánica |v Congresos | |
| 859 | |a AR-BbBCA |b BIB. AGRONOMIA |h 581 |i C749 8b 1954 |p 1997/2866 |v Sect. 11-12 |3 Sections 11-12 | ||
| 859 | |a AR-BbBCA |b BIB. AGRONOMIA |h 581 |i C749 8b 1954 |p 1997/2868 |v Sect. 13 |3 Sections 13 | ||
| 859 | |a AR-BbBCA |b BIB. AGRONOMIA |h 581 |i C749 8b 1954 |p 1997/2870 |v Sect. 14-16 |3 Sections 14-16 | ||
| 859 | |a AR-BbBCA |b BIB. AGRONOMIA |h 581 |i C749 8b 1954 |p 1997/2872 |v Sect. 17 |3 Sections 17 | ||
| 859 | |a AR-BbBCA |b BIB. AGRONOMIA |h 581 |i C749 8b 1954 |p 1997/2874 |v Sect. 18-20 |3 Sections 18-20 | ||
| 859 | |a AR-BbBCA |b BIB. AGRONOMIA |h 581 |i C749 8b 1954 |p 1997/2876 |v Sect. 21-27 |3 Sections 21-27 | ||
| 859 | |a AR-BbBCA |b BIB. AGRONOMIA |h 581 |i C749 8b 1954 |p 1997/2860 |v Sect. 3-6 |3 Sections 3-6 | ||
| 859 | |a AR-BbBCA |b BIB. AGRONOMIA |h 581 |i C749 8b 1954 |p 1997/2862 |v Sect. 7-8 |3 Sections 7-8 | ||
| 859 | |a AR-BbBCA |b BIB. AGRONOMIA |h 581 |i C749 8b 1954 |p 1997/2864 |v Sect. 9-10 |3 Sections 9-10 | ||
